AH International Schools' Libraries

Burglar Bill / (Record no. 50204)

MARC details
000 -LEADER
fixed length control field 01997nam a2200181 4500
020 ## - INTERNATIONAL STANDARD BOOK NUMBER
International Standard Book Number 9780140503012
100 ## - MAIN ENTRY--PERSONAL NAME
Personal name Ahlberg, Janet,
Relator term author.
245 10 - TITLE STATEMENT
Title Burglar Bill /
Statement of responsibility, etc Janet & Allan Ahlberg.
260 0# - PUBLICATION, DISTRIBUTION, ETC. (IMPRINT)
Place of publication, distribution, etc London :
Name of publisher, distributor, etc Puffin Books;
Date of publication, distribution, etc 2015.
300 ## - PHYSICAL DESCRIPTION
Extent 32 p. :
Other physical details col. ill. ;
Dimensions 21 cm.
520 ## - SUMMARY, ETC.
Summary, etc Janet and Allan Ahlberg's hilarious picture book, Burglar Bill. Burglar Bill is an entertaining picture book by the iconic British husband and wife picture book team Janet and Allan Ahlberg, creators of Peepo! Perfect as a bedtime story and for children learning to read! Who's that creeping down the street? Who's that climbing up the wall? Who's that coming through the window? Who's that? ... It's Burglar Bill. Allan Ahlberg has published over 100 children's books and with his late wife Janet, created many award-winning children's picture books, including Cops and Robbers, It was a Dark and Stormy Night, Each Peach Pear Plum and the Kate Greenaway Medal winning The Jolly Postman. Look out for these other classics by Allan Ahlberg: Kicking a Ball; The Baby's Catalogue; Cops and Robbers; Each Peach Pear Plum; The One and Only Two Heads; Son of a Gun; The Little Worm Book; Two Wheels Two Heads; Funny Bones; A Pair of Sinners; Happy Families; Peepo!; The Ha Ha Bonk Book; Help Your Child to Read; Ten in a Bed; Please Mrs Butler; Daisy Chains; Yum Yum; Playmates; Foldaways; Woof; The Cinderella Show; The Jolly Postman; The Jolly Christmas Postman; The Jolly Pocket Postman; The Clothes Horse and Other Stories; The Mighty Slide; Starting School; Heard it in the Playground; The Bear Nobody Wanted; It was a Dark and Stormy Night; The Giant Baby; Baby Sleeps; Blue Buggy; Doll and Teddy; See the Rabbit; Please Mrs Butler; The Better Brown Stories; The Boyhood of Burglar Bill
650 ## - SUBJECT ADDED ENTRY--TOPICAL TERM
9 (RLIN) 33762
Topical term or geographic name as entry element Babies.
650 ## - SUBJECT ADDED ENTRY--TOPICAL TERM
9 (RLIN) 1751
Topical term or geographic name as entry element Humorous stories.
650 ## - SUBJECT ADDED ENTRY--TOPICAL TERM
9 (RLIN) 69539
Topical term or geographic name as entry element Families.
650 ## - SUBJECT ADDED ENTRY--TOPICAL TERM
9 (RLIN) 53450
Topical term or geographic name as entry element Theft
Form subdivision Fiction.
650 ## - SUBJECT ADDED ENTRY--TOPICAL TERM
9 (RLIN) 23037
Topical term or geographic name as entry element Mistaken identity
General subdivision Fiction.
942 ## - ADDED ENTRY ELEMENTS (KOHA)
Source of classification or shelving scheme
Koha item type Book
Holdings
Withdrawn status Lost status Source of classification or shelving scheme Damaged status Not for loan Home library Current library Date acquired Total Checkouts Full call number Barcode Date last seen Date checked out Price effective from Koha item type
          Logos International School Logos International School 02/24/2026 2 E AHL 040871 03/18/2026 03/17/2026 02/24/2026 Book

For any Logos Library related questions please contact Miss Art at swongnarasuk@asianhope.org.

For any Asian Hope Library related questions please contact Miss Raza at graza@asianhope.org.

Powered by Koha